[Event "45th Olympiad 2024"]
[Site "Budapest HUN"]
[Date "2024.09.12"]
[Round "2.81"]
[Board "2"]
[White "Fabri, Henrik"]
[Black "Omar, Aden Omar"]
[Result "0-1"]
[WhiteElo "1936"]
[BlackElo "1779"]
[PlyCount "118"]
[EventDate "2024.09.11"]
[WhiteTeam "Isle of Man"]
[BlackTeam "Djibouti"]
[WhiteTeamCountry "IOM"]
[BlackTeamCountry "DJI"]

1. e4 e6 2. d4 d5 3. e5 c5 4. c3 Nc6 5. Nf3 Qb6 6. Bd3 Bd7 7. O-O cxd4 8. cxd4 Nxd4 9. Nbd2 Bc5 10. Nxd4 Bxd4 11. Nf3 Bc5 ({RR} 11... Ne7 12. Rb1 Nc6 13. Bf4 Bc5 14. Ng5 Be7 15. Qh5 g6 16. Qf3 Nd4 17. Qd1 Nf5 18. Bxf5 exf5 19. Qxd5 Be6 20. Nxe6 fxe6 21. Qc4 Kf7 22. Be3 Qb4 23. Qxb4 Bxb4 24. Rfd1 Rhd8 25. Rxd8 Rxd8 26. a3 {1-0 Durarbayli,V (2606)-Meier,G (2628) EU-Cup Online Play-B rapid 2021 (3.1)}) 12. a3 a5 13. b3 $146 ({RR} 13. Rb1 Bb5 14. b4 axb4 15. axb4 Qa6 16. Ra1 Qxa1 17. Bxb5+ Kf8 18. bxc5 Ne7 19. Qb3 Qa2 20. Qb4 Qa5 21. Qb1 Qc7 22. Bd2 Nc6 23. Bxc6 bxc6 24. Qb4 h6 25. h4 Ke7 26. h5 Rhb8 27. Qg4 Kf8 {1-0 Valles Moreno,I (2369)-Massanet Massanet,S (2232) ESP-chT CECLUB Div2 2022 (3.3)}) ({RR} 13. Rb1 a4 14. Ng5 Ne7 15. Qh5 Ng6 16. Bxg6 fxg6 17. Qf3 Rf8 18. Qg3 h6 19. Nh7 Rf7 20. b4 Bd4 21. Qxg6 Bb5 22. Rd1 Bxe5 23. Be3 d4 24. Bxh6 gxh6 25. Re1 Bxh2+ 26. Kh1 Ke7 27. Kxh2 Rh8 {1-0 Osmonbekov,T (2108)-Bueno,A (2140) Titled Tue 18th Jun Late 2024 (10)}) ({RR} 13. Ng5 Bb5 14. Qh5 g6 15. Qf3 Nh6 16. Bxb5+ Qxb5 17. Nxe6 fxe6 18. Bxh6 O-O-O 19. b4 Ba7 20. bxa5 Kb8 21. Rab1 Qxa5 22. Qf7 Qa6 23. Rfc1 Rc8 24. Rxc8+ Rxc8 25. Bf8 Bc5 26. Bd6+ Bxd6 27. exd6 Qb6 {0-1 Fabri,H (1930)-Waddington,M (2041) Isle of Man Major op 2019 (6)}) ({RR} 13. Rb1 a4 14. b4 axb3 15. Rxb3 Qc7 16. Qc2 b6 17. Rc3 Ba4 18. Qb2 Ne7 19. Be3 O-O 20. Rfc1 d4 21. Bxd4 Bxd4 22. Bxh7+ Kh8 23. Nxd4 Qxe5 24. Re3 Qf6 25. Rf3 Nf5 26. Bxf5 exf5 27. Nxf5 Rfc8 {0-1 Wieczorek,O (2504)-Luberanski,J (2255) 12th Dziedzica Mem 2022 (9.8)}) 13... Bb5 14. Bf4 Ne7 15. b4 axb4 16. axb4 Rxa1 17. Bxb5+ Qxb5 18. Qxa1 Bb6 19. Be3 O-O 20. Bxb6 Qxb6 21. Qb2 Nc6 22. Rb1 f6 23. exf6 Rxf6 24. b5 Na5 25. Ra1 Nc4 26. Ra8+ Rf8 27. Qa1 Qxb5 28. h3 Qb2 29. Rxf8+ Kxf8 30. Qa8+ Ke7 31. Qc8 Qb4 32. Qc7+ Kf6 33. Qf4+ Ke7 34. Qg5+ Kf8 35. Qd8+ Kf7 36. Qd7+ Kf6 37. g4 Qe7 38. g5+ Kf7 39. Qc8 b5 40. Qh8 Kg6 41. h4 h5 42. gxh6 gxh6 43. Qg8+ Kh5 44. Kh2 Qd7 45. Kg3 e5 46. Nh2 Nd6 47. f3 Nf5+ 48. Kf2 Qa7+ 49. Kg2 Qg7+ 50. Qxg7 Nxg7 51. Ng4 b4 52. Nxe5 b3 53. Nd3 Kxh4 54. Kf2 Ne6 55. Ke3 Kg3 56. f4 d4+ 57. Ke4 Nc5+ 58. Kxd4 Nxd3 59. Kxd3 Kxf4 0-1

[Event "45th Olympiad 2024"]
[Site "Budapest HUN"]
[Date "2024.09.12"]
[Round "2.81"]
[Board "3"]
[White "Mohamed, Ali Dima"]
[Black "Ormsby, Alan"]
[Result "1-0"]
[WhiteElo "1761"]
[BlackElo "1914"]
[PlyCount "83"]
[EventDate "2024.09.11"]
[WhiteTeam "Djibouti"]
[BlackTeam "Isle of Man"]
[WhiteTeamCountry "DJI"]
[BlackTeamCountry "IOM"]

1. e4 c5 2. Nf3 d6 3. d4 cxd4 4. Nxd4 Nf6 5. Nc3 a6 6. h3 e6 7. Bg5 ({RR} 7. g3 b5 8. a3 Bb7 9. Bg2 Be7 10. O-O Qc7 11. g4 O-O 12. g5 Nfd7 13. f4 {½-½ Morovic Fernandez,I (2565)-Dominguez Perez,L (2585) American Continental 01st 2001 (10)}) 7... Be7 8. Be2 ({RR} 8. Qd2 O-O 9. O-O-O Nbd7 10. f4 b5 11. a3 Bb7 12. Bd3 Qc7 13. Rhe1 h6 14. Bh4 Rfe8 15. g4 Nc5 16. e5 dxe5 17. fxe5 Nd5 18. Nxd5 Bxd5 19. Bxe7 Rxe7 20. Kb1 Rd8 21. c3 Nb3 22. Nxb3 Bxb3 {½-½ Fernandez Climent,A (1602)-Oubina Pazos,R (1437) ESP-ch U14 Rapid 2022 (9)}) 8... Nc6 $146 ({RR} 8... b5 9. a3 Bb7 10. Bf3 Qc7 11. Qd2 Nbd7 12. O-O-O Ne5 13. h4 Rc8 14. h5 Nc4 15. Qd3 Nxa3 16. bxa3 Qxc3 17. Rhe1 Qxd3 18. Rxd3 Nd7 19. Bxe7 Kxe7 20. Rb3 Ne5 21. a4 Rc4 22. Ne2 b4 23. Kb1 {0-1 Hutchison,J (1368)-Boik,A (1980) CAN-ch U20 Calgary 2004 (3)}) ({RR} 8... O-O 9. O-O b5 10. a3 Bb7 11. Bd3 Nc6 12. Nde2 Rc8 13. Kh1 h6 14. Be3 d5 15. exd5 Nxd5 16. Nf4 Nxc3 17. bxc3 Bf6 18. Qd2 Kh8 19. Nh5 Bg5 20. f4 Be7 21. Qe2 g6 22. Qg4 Rg8 23. Ng3 {1-0 Helm,I (1433)-Schiller,H (1674) Hessen-ch Seniors op 04th 2008 (2)}) 9. Nf3 O-O 10. Qd2 Qc7 11. a3 b5 12. Rd1 Rd8 13. O-O Bb7 14. Be3 Rac8 15. Bd3 Ne5 16. Nxe5 dxe5 17. Qe2 h6 18. f3 Bc5 19. Nb1 Nh5 20. Qf2 Bxe3 21. Qxe3 Nf4 22. Nc3 Qe7 23. Ne2 Nxe2+ 24. Bxe2 Rxc2 25. b4 Rd4 26. Rc1 Rxc1 27. Rxc1 Qd6 28. Qc3 Rd2 29. Bf1 Qb6+ 30. Kh1 Qd6 31. Qc7 Rd1 32. Qxd6 Rxd6 33. Rc7 Bc6 34. Rc8+ Kh7 35. Kg1 g5 36. Kf2 Kg6 37. Ke3 Bd7 38. Rc7 Rd4 39. Bd3 f5 40. exf5+ exf5 41. g4 Rd6 42. Rxd7 1-0

[Event "45th Olympiad 2024"]
[Site "Budapest HUN"]
[Date "2024.09.12"]
[Round "2.85"]
[Board "2"]
[White "Al Thebaiti, Ahmed M"]
[Black "Samuel, Jhon"]
[Result "1-0"]
[WhiteElo "1993"]
[BlackElo "1545"]
[PlyCount "69"]
[EventDate "2024.09.11"]
[WhiteTeam "Saudi Arabia"]
[BlackTeam "British Virgin Islands"]
[WhiteTeamCountry "SAU"]
[BlackTeamCountry "IVB"]

1. e4 c6 2. d4 d5 3. Nc3 dxe4 4. Nxe4 Bf5 5. Ng3 Bg6 6. h4 h6 7. h5 Bh7 8. Nf3 Nd7 9. Bd3 Ngf6 10. Bxh7 Nxh7 11. Qd3 e6 12. Bd2 Be7 13. O-O-O O-O 14. Ne4 Nhf6 15. Nxf6+ Bxf6 ({RR} 15... Nxf6 16. Ne5 c5 17. dxc5 {½-½ Movsesian,S (2666)-Bareev,E (2702) FIDE World Cup-C 2000 (2)}) ({RR} 15... Nxf6 16. Ne5 c5 17. Bc3 Nd5 18. g3 Bf6 19. dxc5 Qc7 20. f4 Rfd8 21. Qf3 Qxc5 22. Bd4 Qa5 23. Kb1 Rac8 24. c3 b5 25. g4 b4 26. cxb4 Nxb4 27. a3 Nd5 28. g5 Bxe5 29. Bxe5 hxg5 30. fxg5 {0-1 Coelho,R (1981)-Kononenko,D (2328) Titled Tuesday intern op 04th May blitz 2021 (5)}) 16. g4 Bg5 $146 ({RR} 16... c5 17. Rdg1 c4 18. Qxc4 Rc8 19. Qd3 Ne5 20. Nxe5 Bxe5 21. Be3 Qd5 22. Kb1 Bf6 23. f4 Rfd8 24. c3 b5 25. g5 hxg5 26. fxg5 Be5 27. Qc2 Qf3 28. Qf2 Qe4+ 29. Ka1 b4 30. dxe5 bxc3 31. b3 {1-0 Kanmazalp,O (2452)-Sari,Y (2304) TUR-ch Suleymanpasa 2017 (5)}) ({RR} 16... c5 17. g5 hxg5 18. Rdg1 Bxd4 19. Nxg5 f5 20. Nxe6 Qb6 21. Nxd4 cxd4 22. Qg3 Rf7 23. h6 Qf6 24. hxg7 Rxg7 25. Qh2 Nf8 26. Rxg7+ Kxg7 27. Qc7+ Qf7 28. Qe5+ Qf6 29. Rg1+ Ng6 30. Bh6+ Kf7 31. Qd5+ {1-0 Feher,A (2191)-Tatar Kis,S (2395) Harkany Tenkes Cup 33rd 2009 (2)}) 17. Bxg5 hxg5 18. Qe3 Qf6 19. Nxg5 e5 20. Ne4 Qf4 21. Qxf4 exf4 22. Rde1 b6 23. c3 c5 24. dxc5 Nxc5 25. Nxc5 bxc5 26. Re4 Rfe8 27. Rhe1 Kf8 28. Rxe8+ Rxe8 29. Rxe8+ Kxe8 30. b4 c4 31. a4 Kd7 32. g5 f6 33. gxf6 gxf6 34. h6 Ke7 35. h7 1-0

[Event "45th Olympiad 2024"]
[Site "Budapest HUN"]
[Date "2024.09.12"]
[Round "2.86"]
[Board "2"]
[White "Carbonell, Nicolas"]
[Black "Oluka Robert Mcligeyo"]
[Result "0-1"]
[WhiteElo "1798"]
[BlackElo "1990"]
[PlyCount "78"]
[EventDate "2024.09.11"]
[WhiteTeam "Burkina Faso"]
[BlackTeam "Kenya"]
[WhiteTeamCountry "BUR"]
[BlackTeamCountry "KEN"]

1. d4 Nf6 2. c4 e6 3. Nc3 Bb4 4. Bg5 c5 5. d5 Bxc3+ 6. bxc3 h6 7. Bh4 d6 8. Nf3 ({RR} 8. Qc2 exd5 9. cxd5 g5 10. Bg3 Nxd5 11. e4 Nf4 12. Rd1 Nc6 13. h4 Rg8 14. Ne2 Qf6 15. Qd2 Bg4 16. hxg5 hxg5 17. f3 Nxe2 18. Bxe2 Be6 19. Bb5 O-O-O 20. Bxc6 bxc6 21. Qb2 Qe7 22. Kf2 Qc7 {0-1 Ezat,M (2402)-Kayonde,A (2361) ch-Africa 2023 (8.6)}) 8... e5 9. Bxf6 $146 ({RR} 9. Qc2 Nbd7 10. Nd2 Nf8 11. e3 Ng6 12. Bg3 Ne7 13. Bd3 Nh5 14. f4 exf4 15. Bxf4 Nxf4 16. exf4 g6 17. O-O O-O 18. Rae1 Bf5 {½-½ Gottschalk,J (1975)-Ballo,E (2195) GER-ch U20 qual 1997}) ({RR} 9. Qc2 Nbd7 10. Nd2 Nf8 11. f3 Qe7 12. e3 Ng6 13. Bg3 e4 14. Nxe4 Nxe4 15. Qxe4 Qxe4 16. fxe4 Ke7 17. Bd3 h5 18. h4 Ne5 19. Be2 f6 20. Bxe5 fxe5 21. Kd2 Bd7 22. Raf1 Raf8 23. Rf3 g6 {½-½ Ivanchuk,V (2704)-Wang,Y (2720) Beijing Sportaccord Basque 2014 (3)}) ({RR} 9. Nd2 Nbd7 10. e4 Nf8 11. f3 g5 12. Bf2 Ng6 13. Be3 Qe7 14. Rb1 Kf8 15. g3 Kg7 16. Bd3 Nh5 17. Bf2 Nf6 18. Nf1 b6 19. Ne3 Qe8 20. Rg1 Kf8 21. Qe2 Rg8 22. Rh1 Bd7 23. Bc2 Qc8 {½-½ Turova,I (2381)-Socko,M (2434) EU-Cup (Women) 13th 2008 (3)}) 9... Qxf6 10. Qd3 O-O 11. e4 Qg6 12. Rb1 f5 13. Nh4 Qg4 14. Nxf5 Rxf5 15. f3 Qh4+ 16. g3 Qg5 17. exf5 Bxf5 18. Qd1 Qe3+ 19. Be2 Qxc3+ 20. Kf1 Bh3+ 21. Kf2 e4 22. fxe4 Nd7 23. Qd3 Rf8+ 24. Ke3 Qf6 25. Kd2 b6 26. Qe3 Qe7 27. Bf1 Ne5 28. Be2 Rf3 29. Qxf3 Nxf3+ 30. Bxf3 Qe5 31. Rb3 Qd4+ 32. Rd3 Qf2+ 33. Be2 Bg2 34. Re1 Bxe4 35. Re3 Bg2 36. Rd3 Bh3 37. Kd1 Qf6 38. Kd2 Bf5 39. Rf3 Qb2+ 0-1

[Event "45th Olympiad 2024"]
[Site "Budapest HUN"]
[Date "2024.09.12"]
[Round "2.86"]
[Board "4"]
[White "Lompo, Boammani Aser"]
[Black "Mutuge Ian"]
[Result "0-1"]
[WhiteElo "1567"]
[BlackElo "1938"]
[PlyCount "84"]
[EventDate "2024.09.11"]
[WhiteTeam "Burkina Faso"]
[BlackTeam "Kenya"]
[WhiteTeamCountry "BUR"]
[BlackTeamCountry "KEN"]

1. d4 Nf6 2. Bf4 e6 3. e3 Be7 4. Nd2 d5 5. Bd3 O-O 6. Ngf3 c5 7. c3 Nc6 8. Ne5 Bd6 9. g4 ({RR} 9. Bg3 Ne7 10. O-O b6 11. a4 a5 12. e4 cxd4 13. cxd4 dxe4 14. Nxe4 Nxe4 15. Bxe4 Nd5 16. Qc2 h6 17. Nc6 Qd7 18. Bxd5 exd5 19. Rfe1 Bxg3 20. Ne7+ Kh8 21. hxg3 Qd6 22. Qc6 Qxc6 23. Nxc6 Be6 {0-1 Gupta,A (2619)-Ssegwanyi,A (2373) Mansa Chilufya Memorial 2017 (6)}) ({RR} 9. Bg3 Qb6 10. Rb1 cxd4 11. exd4 Bxe5 12. dxe5 Nd7 13. Nf3 f6 14. exf6 Nxf6 15. O-O Bd7 16. Re1 Rae8 17. Ne5 Nxe5 18. Bxe5 Bc6 19. Qe2 Ne4 20. Bd4 Qa5 21. f3 e5 22. b4 Qc7 23. Bxe5 Qxe5 {0-1 Davalos Prieto,A (1985)-Yushko,O (2088) Titled Tue 20th Feb Early 2024 (11)}) 9... Bxe5 10. dxe5 Nd7 11. Nf3 g6 $146 ({RR} 11... Qc7 12. Ng5 g6 13. Nf3 Ndxe5 14. Nxe5 Nxe5 15. Bc2 f6 16. h4 Qc6 17. Qb1 d4 18. Be4 Qd7 19. exd4 cxd4 20. h5 Nxg4 21. hxg6 hxg6 22. Bxg6 f5 23. Qd3 Qg7 24. Bh5 dxc3 25. bxc3 Bd7 26. O-O-O {0-1 Pokotilo,M-Kabachenko,M UKR-ch U16 Girls sf 2006 (2)}) 12. h4 Qc7 13. g5 Ndxe5 14. Nxe5 Nxe5 15. Bc2 b6 16. h5 Bb7 17. Rh3 Rad8 18. hxg6 fxg6 19. Qb1 Qf7 20. f3 Nc4 21. b3 Na3 22. Bxg6 Qxg6 23. Qxg6+ hxg6 24. Be5 Nc2+ 25. Kd2 Nxa1 26. Rh8+ Kf7 27. Rh7+ Ke8 28. Rxb7 Rf7 29. Rxf7 Kxf7 30. Kc1 Ke8 31. Kb2 Nxb3 32. axb3 Kd7 33. Ka3 Kc6 34. Ka4 a5 35. Ka3 b5 36. Kb2 b4 37. Kc2 Kb5 38. Kb2 c4 39. cxb4 axb4 40. bxc4+ dxc4 41. Bd4 Rxd4 42. exd4 Kc6 0-1

[Event "45th Olympiad 2024"]
[Site "Budapest HUN"]
[Date "2024.09.13"]
[Round "3.1"]
[Board "1"]
[White "Cheparinov, Ivan"]
[Black "Caruana, Fabiano"]
[Result "0-1"]
[WhiteElo "2628"]
[BlackElo "2798"]
[PlyCount "140"]
[EventDate "2024.09.11"]
[WhiteTeam "Bulgaria"]
[BlackTeam "United States of America"]
[WhiteTeamCountry "BUL"]

1. e4 c5 2. Nf3 Nc6 3. Bb5 e6 4. O-O Nge7 5. Re1 Nd4 6. Nxd4 cxd4 7. c3 a6 8. Bf1 Nc6 9. b4 Bd6 10. Bb2 dxc3 11. dxc3 Qc7 12. h3 ({RR} 12. g3 O-O 13. a4 b6 14. Na3 Be7 15. Bg2 Bb7 16. Qe2 d6 17. f4 Rac8 18. Rac1 Nb8 19. c4 Nd7 20. Bd4 Rfe8 21. Be3 Qb8 22. Nc2 Bf8 23. Bf2 Qa8 24. Nd4 e5 25. fxe5 Rxe5 26. Nf5 Rce8 {1-0 Navara,D (2682)-Gelfand,B (2658) CEZ Trophy CZE-ISR 2024 (1.2)}) 12... O-O 13. Nd2 b6 $146 ({RR} 13... Rd8 14. a3 b5 15. c4 bxc4 16. Nxc4 Bh2+ 17. Kh1 d5 18. exd5 exd5 19. Qxd5 Be6 20. Qe4 Bf4 21. Rad1 Ne7 22. Ne3 Ng6 23. Nd5 Bxd5 24. Rxd5 Rxd5 25. Qxd5 Rd8 26. Qf3 Qd6 27. Bc4 Kh8 28. Bxf7 {1-0 Ovod,E (2323)-Yakimova,M (2252) RUS-ch (Women) 72nd 2022 (7)}) 14. a3 Bb7 15. c4 Bh2+ 16. Kh1 Be5 17. Qb3 Bxb2 18. Qxb2 a5 19. Kg1 axb4 20. axb4 Ne5 21. Qd4 h6 22. Rec1 Nc6 23. Qc3 Rxa1 24. Rxa1 Rc8 25. Qb2 d6 26. Nf3 Nd8 27. Nd2 e5 28. Be2 Rb8 29. Ra3 Ne6 30. Bf1 Nd4 31. f3 Bc8 32. Nb3 Nc6 33. Na1 Be6 34. Nc2 h5 35. Kh1 h4 36. Qc3 Ne7 37. Ne3 Ng6 38. Qa1 Qd8 39. Qe1 Nf4 40. Qf2 Qg5 41. Ra1 Nh5 42. Bd3 g6 43. Kh2 Kg7 44. Bf1 Rc8 45. b5 Qd8 46. Kg1 Nf4 47. Ra7 Rb8 48. Kh2 Nh5 49. Bd3 Qg5 50. Bf1 Qg3+ 51. Kg1 Nf4 52. Qxg3 hxg3 53. Nd1 Rc8 54. Nb2 Rb8 55. Na4 Bc8 56. Nc3 Kf6 57. Na4 Kg7 58. Nc3 Be6 59. Na4 Kh6 60. Ra6 Bc8 61. Ra7 f5 62. Nc3 Kg5 63. exf5 Bxf5 64. Ra6 Kh4 65. Na4 Bc8 66. Ra7 Kg5 67. Nc3 Bb7 68. Be2 d5 69. cxd5 Rc8 70. Ne4+ Kh4 0-1

[Event "45th Olympiad 2024"]
[Site "Budapest HUN"]
[Date "2024.09.13"]
[Round "3.1"]
[Board "2"]
[White "So, Wesley"]
[Black "Naiditsch, Arkadij"]
[Result "1-0"]
[WhiteElo "2752"]
[BlackElo "2643"]
[PlyCount "69"]
[EventDate "2024.09.11"]
[WhiteTeam "United States of America"]
[BlackTeam "Bulgaria"]
[BlackTeamCountry "BUL"]

1. e4 e5 2. Nf3 Nc6 3. Bc4 Nf6 4. d3 Be7 5. Nc3 O-O 6. a3 d6 7. Be3 Nd7 ({RR} 7... Be6 8. Nd5 Bxd5 9. exd5 Nb8 10. a4 c6 11. dxc6 bxc6 12. Ba2 Nbd7 13. O-O d5 14. c3 a5 15. Qc2 Re8 16. b4 axb4 17. cxb4 Bxb4 18. Qxc6 Qa5 19. Bb3 Rac8 20. Qb5 Qxb5 21. axb5 Rb8 22. Rfc1 {½-½ Firouzja,A (2767)-Carlsen,M (2832) SpeedChess Final 2024 (2.10)}) 8. Ba2 Nb6 9. Ne2 Be6 $146 ({RR} 9... Kh8 10. h4 f5 11. Ng5 Bxg5 12. hxg5 Qe8 13. exf5 Bxf5 14. Ng3 Bg6 15. Qg4 Nd4 16. O-O-O c5 17. Rh2 d5 18. Rdh1 Kg8 19. Ne4 Qc8 20. Qxc8 Raxc8 21. Nc3 c4 22. Kd2 Nxc2 23. Bxb6 axb6 24. Kxc2 {½-½ Bulmaga,I (2406)-Kashlinskaya,A (2490) Olympiad Women 2024 (4.11)}) 10. Bxe6 fxe6 11. h4 d5 12. Ng3 h6 13. Ng1 Kh8 14. Qg4 Nd4 15. Bxd4 exd4 16. Nf3 Bd6 17. Nh5 Qd7 18. e5 Rxf3 19. gxf3 Bxe5 20. f4 Bd6 21. Rg1 Bf8 22. Kf1 Qf7 23. Re1 Re8 24. Qg6 Re7 25. f5 Qxg6 26. Rxg6 e5 27. Re6 Rf7 28. R6xe5 Bd6 29. Re8+ Kh7 30. Ng3 Nd7 31. Ra8 Bxg3 32. fxg3 Rxf5+ 33. Kg2 Nf6 34. Rf8 Kg6 35. Re7 1-0

[Event "45th Olympiad 2024"]
[Site "Budapest HUN"]
[Date "2024.09.13"]
[Round "3.1"]
[Board "3"]
[White "Petrov, Martin"]
[Black "Aronian, Levon"]
[Result "0-1"]
[WhiteElo "2536"]
[BlackElo "2729"]
[PlyCount "68"]
[EventDate "2024.09.11"]
[WhiteTeam "Bulgaria"]
[BlackTeam "United States of America"]
[WhiteTeamCountry "BUL"]

1. e4 e5 2. Nf3 Nc6 3. Bc4 Bc5 4. O-O Nf6 5. d3 d6 6. c3 a5 7. Bg5 h6 8. Bh4 Qe7 ({RR} 8... Bd7 9. Re1 Ba7 10. Nbd2 g5 11. Bg3 Ne7 12. d4 Ng6 13. dxe5 dxe5 14. Nf1 Qe7 15. Ne3 O-O-O 16. Qc1 Rhe8 17. b4 a4 18. Nf5 Qf8 19. Qc2 Nf4 20. Rad1 Bxf5 21. Qxa4 Rxd1 22. Rxd1 Kb8 23. exf5 {0-1 Erigaisi,A (2725)-Carlsen,M (2861) Julius Baer GenCup KO rapid 2022 (3.12)}) ({RR} 8... Ba7 9. Nbd2 g5 10. Bg3 O-O 11. Re1 g4 12. Nh4 Nh5 13. Nf1 Qg5 14. Ne3 Nxg3 15. hxg3 Bxe3 16. Rxe3 Kg7 17. d4 Ne7 18. dxe5 dxe5 19. Qb3 Ng6 20. Nxg6 fxg6 21. Rd1 Qe7 22. Red3 a4 23. Qb4 {½-½ Annaberdiev,M (2431)-Makhnev,D (2551) FIDE World Bl Team Pool E 2024 (3.19)}) 9. d4 $146 ({RR} 9. Nbd2 Bb6 10. Bb5 Bd7 11. Nc4 Ba7 12. Bxc6 Bxc6 13. Nxa5 Bxf2+ 14. Rxf2 Rxa5 15. Nd2 g5 16. Bg3 d5 17. b4 Ra8 18. Qf3 {1-0 So,W (2772)-Svidler,P (2714) Saint Louis Blitz 2021 (9)}) ({RR} 9. Re1 Ba7 10. Na3 g5 11. Bg3 Nh7 12. d4 O-O 13. Nc2 h5 14. h3 Kh8 15. Ne3 g4 16. hxg4 Bxg4 17. d5 Nb8 18. Nxg4 hxg4 19. Nh4 Qg5 20. Nf5 Nd7 21. Bh4 Qg6 22. g3 Nc5 23. Qc2 f6 {1-0 Lu,S (2611)-Harutyunian,T (2533) Seville op 45th 2020 (7)}) 9... Ba7 10. Nbd2 O-O 11. Re1 exd4 12. e5 dxe5 13. Ne4 dxc3 14. Bxf6 gxf6 15. Nh4 f5 16. Qh5 Kg7 17. Ng3 Qg5 18. Nhxf5+ Bxf5 19. Nxf5+ Kf6 20. Qxh6+ Qxh6 21. Nxh6 cxb2 22. Rab1 Bd4 23. Ng4+ Kg5 24. Ne3 a4 25. a3 Na5 26. h4+ Kf6 27. Ba2 Nb3 28. Nc2 c5 29. Nxd4 exd4 30. Rxb2 Rfe8 31. Rd1 c4 32. Rc2 b5 33. Kf1 d3 34. Rc3 Re2 0-1

[Event "45th Olympiad 2024"]
[Site "Budapest HUN"]
[Date "2024.09.13"]
[Round "3.2"]
[Board "4"]
[White "Gledura, Benjamin"]
[Black "Blohberger, Felix"]
[Result "1-0"]
[WhiteElo "2628"]
[BlackElo "2520"]
[PlyCount "57"]
[EventDate "2024.09.11"]
[WhiteTeam "Hungary"]
[BlackTeam "Austria"]
[WhiteTeamCountry "HUN"]
[BlackTeamCountry "AUT"]

1. e4 e5 2. Nf3 Nc6 3. Bb5 Nf6 4. d3 Bc5 5. Bxc6 dxc6 6. Nbd2 Be6 7. O-O Bd6 8. Nb3 a5 9. Qe1 a4 10. Na5 Qc8 ({RR} 10... Bc8 11. Nc4 Nd7 12. d4 Qe7 13. dxe5 Nxe5 14. Nfxe5 Bxe5 15. Nxe5 Qxe5 16. Bd2 Be6 17. Qe3 f6 18. Bc3 Qh5 19. a3 O-O 20. Rad1 Rfd8 21. f3 b6 22. h3 Qe8 23. Rde1 Bc4 24. Rf2 Rd7 25. f4 {½-½ Georgiadis,N (2510)-Fressinet,L (2616) 45th Olympiad 2024 (5.12)}) 11. Ng5 Bd7 $146 ({RR} 11... Bc5 12. Nxe6 Qxe6 13. Nxb7 Bb6 14. Be3 Nd7 15. b4 axb3 16. axb3 Rxa1 17. Qxa1 O-O 18. Qc3 Bxe3 19. fxe3 Qh6 20. Qd2 Ra8 21. Na5 c5 22. Nc4 Qe6 23. Qc3 h6 24. Ra1 Rxa1+ 25. Qxa1 Qg4 26. Qf1 {½-½ Caruana,F (2764)-Le,Q (2728) Chessable Masters Div 1 W 2023 (1.1)}) ({RR} 11... Bg4 12. h3 Bd7 13. f4 exf4 14. Bxf4 O-O 15. Bxd6 cxd6 16. Nc4 Qc7 17. Qh4 h6 18. Rxf6 gxf6 19. Qxh6 fxg5 20. Qxg5+ Kh8 21. Rf1 f5 22. Qh6+ Kg8 23. Qg6+ Kh8 24. Rf4 Qd8 25. Qh6+ Kg8 26. Rh4 {1-0 Fedoseev,V (2686)-Nakamura,H (2760) Titled Tuesday intern op 02nd Aug Late blitz 2022 (9)}) 12. Nc4 O-O 13. f4 Bc5+ 14. Be3 Bxe3+ 15. Nxe3 exf4 16. Rxf4 h6 17. Nf3 Ng4 18. Nf5 Bxf5 19. Rxf5 Re8 20. Qg3 Ne3 21. Nd4 Nxf5 22. Nxf5 g6 23. Rf1 Qd8 24. Nxh6+ Kg7 25. Rxf7+ Kxh6 26. Qh3+ Kg5 27. Qe3+ Kh5 28. Rh7+ Kg4 29. h3# 1-0

[Event "45th Olympiad 2024"]
[Site "Budapest HUN"]
[Date "2024.09.13"]
[Round "3.4"]
[Board "2"]
[White "Wei, Yi"]
[Black "Demchenko, Anton"]
[Result "1-0"]
[WhiteElo "2762"]
[BlackElo "2597"]
[PlyCount "99"]
[EventDate "2024.09.11"]
[WhiteTeam "China"]
[BlackTeam "Slovenia"]
[WhiteTeamCountry "CHN"]
[BlackTeamCountry "SLO"]

1. e4 {Marin,Mihail ChessBase II} e5 2. Nf3 Nc6 3. Bc4 Nf6 4. d3 Bc5 5. a4 ({RR} 5. O-O O-O 6. c3 d5 7. exd5 Nxd5 8. a4 a5 9. h3 Nb6 10. Bb3 Bf5 11. Bc2 Qd7 12. Re1 Rfe8 13. Ng5 Bf8 14. Na3 Rad8 15. Ne4 f6 16. Qf3 Bg6 17. Nb5 Kh8 18. h4 Bf5 19. Qg3 Ne7) 5... d6 6. c3 a6 7. Bg5 ({RR} 7. h3 Ba7 8. Nbd2 h6 9. O-O g5 10. Ne1 g4 11. hxg4 Nxg4 12. g3 h5 13. Ndf3 f6 14. Nh4 Ne7 15. Qb3 c6 16. Bf7+ Kd7 17. Neg2 Kc7 18. Be3 Nxe3 19. Nxe3 Bh3 20. Neg2 Qf8 21. Kh2 Bd7 {1-0 Jonkman,H (2314)-Subervi,J (2044) Titled Tue 27th Aug Late 2024 (4)}) 7... h6 8. Bh4 Ba7 9. Nbd2 Ne7 $146 ({RR} 9... g5 10. Bg3 O-O ({RR} 10... Nh5 11. Nxe5 Nxg3 12. Bxf7+ Ke7 13. Ng6+ Kxf7 14. Nxh8+ Qxh8 15. hxg3) 11. Qe2 Kg7 12. h4 g4 13. Nh2 Ne7 ({RR} 13... Bd7 14. Ndf1 b5 15. Bb3 b4 16. Ne3 Rb8 17. Bd1 bxc3 18. bxc3 h5 19. O-O Ne7 20. Qd2 Nh7 21. d4 exd4 22. cxd4 f5 23. exf5 Nxf5 24. Nxf5+ Bxf5 25. Be2 Nf6 26. Qg5+ Bg6 27. Bf4 Ng8 28. Qxd8) 14. h5 Nxh5 15. Nxg4 Nxg3 16. fxg3 Ng8 17. Ne3 Qg5 18. Nef1 Ne7 ({RR} 18... f5) 19. Nf3 Qg6 20. O-O-O f5 21. Bb3 b5 {½-½ Eljanov,P (2702)-Fressinet,L (2651) FRA-chT Top 12 2018 (10)}) ({RR} 9... Qe7 10. h3 ({RR} 10. Qe2 g5 ({RR} 10... Be6 11. b4 O-O 12. O-O Rfe8 13. Rfb1 Rab8 14. a5 Bxc4 15. Nxc4 Qe6 16. Bxf6 Qxf6 17. b5 axb5 18. Rxb5 Nd8 19. Rab1 Ra8 20. g3 Qe6 21. Kg2 c6 22. R5b2 Bb8 23. Ra1 Bc7) 11. Bg3 h5 ({RR} 11... g4 12. Bh4) ({RR} 11... Bg4 12. h3 Bh5) 12. h4 ({RR} 12. Nxg5 h4 13. Bxf7+ Kf8 14. O-O-O Kg7 15. Bb3 hxg3 16. hxg3 Bd7 17. f4) 12... g4 13. Ng5 Rf8 14. f4 gxf3 15. gxf3) ({RR} 10. b4 Bd7 11. Rb1 g5 12. Bg3 Nh5) 10... g5 11. Bg3 Nh5 12. Qe2 ({RR} 12. Nxe5 Nxg3 13. Bxf7+ Kd8 14. Ng6 Qxf7) ({RR} 12. Bh2 Nf4 13. Bxf4 gxf4 14. b4 Rg8 15. Rg1 Be6 16. a5 Nd8 17. b5 axb5 18. Bxb5+ c6 19. Ba4 f5) ({RR} 12. Nf1 Nf4 13. Rg1 Be6 14. Bxe6 fxe6 15. Ne3 O-O-O 16. b4 d5 17. exd5 exd5 18. b5 e4 19. bxc6 exf3 20. Qxf3 Rhf8) 12... Qf6 13. Bh2 ({RR} 13. Kd1 Nxg3 14. fxg3 h5 15. Rf1 Qg7) 13... Nf4 14. Bxf4 gxf4 15. g4 Ne7 16. b4 ({RR} 16. Kd1 Ng6 17. Kc2 h5 18. gxh5 Rxh5 19. h4 Nxh4 20. Rag1) 16... Ng6 17. Kd1 h5 18. g5 ({RR} 18. gxh5 Rxh5 19. h4 ({RR} 19. Qf1 Bd7 20. Kc2 Ke7) 19... Nxh4 20. Kc2 Ke7 21. Rag1 Bd7) 18... Qe7 19. b5 ({RR} 19. Kc2) 19... Kf8 20. bxa6 ({RR} 20. d4 Kg7 21. Kc2 c6) 20... bxa6 21. d4 Kg7 22. d5 ({RR} 22. Kc2 exd4 23. cxd4 a5) 22... Bd7 23. Kc2 Rhb8 ({RR} 23... c6) 24. Bxa6 {0-1 Anand,V (2767)-Kramnik,V (2787) Tata Steel-A 80th 2018 (7)} ({RR} 24. h4 Qe8 ({RR} 24... Bg4) 25. a5 c6)) ({RR} 9... g5 10. Bg3 O-O 11. O-O Nh7 12. h3 h5) 10. Bxf6 gxf6 11. d4 Ng6 12. Nf1 Be6 13. Qb3 Bxc4 14. Qxc4 exd4 15. cxd4 Qd7 16. Ne3 Qc6 17. Rc1 Qxc4 18. Rxc4 c6 19. Kd2 h5 20. Rhc1 Kd7 21. g3 Ne7 22. a5 Rab8 23. R1c2 Ke6 24. Nh4 Rhd8 25. Nhg2 Kd7 26. Ra4 Ng6 27. Nf5 Re8 28. Kd3 b5 29. axb6 Rxb6 30. b4 Reb8 31. Nge3 Rxb4 32. Rxa6 Bb6 33. Nc4 Bc7 34. h4 R4b5 35. Ra7 R8b7 36. Rxb7 Rxb7 37. Ng7 Rb5 38. Ra2 d5 39. exd5 Rxd5 40. Ne3 Rb5 41. Ra8 c5 42. d5 Rb2 43. f4 Rb3+ 44. Ke2 c4 45. Nxh5 Rb2+ 46. Kf3 Rb3 47. Nxf6+ Ke7 48. Ra7 Kd8 49. d6 Rxe3+ 50. Kf2 1-0